Dovolené spôsoby použitia sily či hrozby silou v podmienkach súčasného medzinárodného práva
Dovolené spôsoby použitia sily či hrozby silou v medzinárodných vzťahoch. Právo národov na sebaurčenie. Humanitárna intervencia. Zodpovednosť za ochranu. Koncept R2P.
Gespeichert in:
| 1. Verfasser: | |
|---|---|
| Format: | Buchkapitel |
| Sprache: | Slowakisch |
| Schlagworte: | |
| Tags: |
Keine Tags, Fügen Sie das erste Tag hinzu!
|
MARC
| LEADER | 00000naa a2200000 4500 | ||
|---|---|---|---|
| 001 | 0264325 | ||
| 005 | 20200619090309.4 | ||
| 041 | 0 | |a slo | |
| 044 | |a SK | ||
| 245 | 1 | 0 | |a Dovolené spôsoby použitia sily či hrozby silou v podmienkach súčasného medzinárodného práva |c Laura Bačová |
| 520 | |a Dovolené spôsoby použitia sily či hrozby silou v medzinárodných vzťahoch. Právo národov na sebaurčenie. Humanitárna intervencia. Zodpovednosť za ochranu. Koncept R2P. | ||
| 610 | 2 | 0 | |a právo verejné medzinárodné |
| 610 | 2 | 0 | |a sily ozbrojené |
| 610 | 2 | 0 | |a konflikty |
| 610 | 2 | 0 | |a intervencia humanitárna |
| 610 | 2 | 0 | |a Organizácia spojených národov |
| 100 | 1 | |a Bačová, Laura | |